Loading...

Women, Ageing and Mental Health: The indian scenario/

Bibliographic Details
Main Author: Amrita, Bagga
Format: Printed Book
Published: Delhi: Mittal Publications, 2013
Subjects:
LEADER 00590nam a2200145 4500
999 |c 277507  |d 277507 
020 |a 8183244289 
082 |a 613.04  |b AMR 
100 |a Amrita, Bagga 
245 |a Women, Ageing and Mental Health:  |b The indian scenario/  |c Amrita, Bagga 
260 |a Delhi:  |b Mittal Publications,  |c 2013 
300 |a xxiii, 238 p.:  |b ill; 
650 |a Older women-Health and hygiene-India;Older women -Mental health-India;Psychology; Pathological 
942 |c BK 
952 |0 0  |1 0  |4 0  |6 613_040000000000000_AMR_W  |7 0  |8 NFIC  |9 295790  |a DEM  |b DEM  |d 2020-03-05  |l 0  |o 613.04 AMR/W  |p DEM7524  |r 2020-03-05  |w 2020-03-05  |y BK